000 00501nam a2200181Ia 4500
003 OSt
005 20200908123609.0
008 190216s9999||||xx |||||||||||||| ||und||
020 _a8185015899
040 _coclc
082 _a539.7
_bKAP/N
100 _aKaplan, Irving
_94337
245 0 _aNuclear Physics /
_cIrving Kaplan
260 _bNarosa Publishing House,
_c1987.
_aNew Delhi:
300 _a770p
650 _aPhysics
942 _cBK
_2ddc
_h539.7
_iKAP/N
_k539.7
_mKAP/N
999 _c33123
_d33123